000 01487nam a2200217Ii 4500
008 221202s xx 000 0 und d
245 0 _aZeolites and Metal-Organic Frameworks
264 1 _aAmsterdam
_bAmsterdam University Press
_c2018
300 _a1 online resource (350 pages)
336 _atext
_btxt
_2rdacontent
337 _acomputer
_bc
_2rdamedia
338 _aonline resource
_bcr
_2rdacarrier
490 _aAtlantis Advances in Nanotechnology, Material Science and Energy Technologies
520 _aZeolites are natural or synthetic materials with porous chemical structures that are valuable due to their absorptive and catalytic qualities. Metal-Organic Frameworks (MOFs) are manmade organometallic polymers with similar porous structures. This introductory book, with contributions from top-class researchers from all around the world, examines these materials and explains the different synthetic routes available to prepare zeolites and MOFs. The book also highlights how the substances are similar yet different and how they are used by science and industry in situations ranging from fueling cars to producing drugs.
653 _aSociety & Culture: General
700 1 _aBlay, Vincent
700 1 _aBobadilla, Luis Francisco
700 1 _aCabrera GarcĂ­a, Alejandro
856 _uhttps://library.oapen.org/bitstream/20.500.12657/24406/1/1005709.pdfhttp://www.aup.nl/do.php?a=show_visitor_home&l=2http://library.oapen.org/handle/20.500.12657/24406
942 _cE-BOOK
999 _c67661
_d67661